00345nam a2200121Ia 4500008004100000040001600041041001200057082001500069100002500084245005300109260004400162300001700206230917s9999||||xx |||||||||||||| ||und|| e47397aMAIN aEnglish a821.6 S44P aShelly, Percy Bysshe 0aPolitical writings including a defense of poetry aNew YorkbAppleton Century Croftsc1970 axxvi, 225 p.